000 00711nam a22002177a 4500
003 OSt
005 20250901085228.0
008 250901b |||||||| |||| 00| 0 eng d
020 _a 13: 978-0-07-128725-8.
040 _aDWCL-Main lib.
_cOC
082 _2 2nd ed.
_aCirc. 619.9 S728i 2008
100 _aFrederick S. Southwick
245 _a Infectious diseases :
_b a clinical short course/
_cFrederick S. Southwick
250 _a 2nd ed.
260 _a N. Y. :
_bThe McGraw-Hill Companies, Inc.,
_c c2008.
300 _axii, 449 p.
_b ill. ;
_c 23 cm.
504 _aIncludes index.
650 _a1. Bacterial infections.
650 _a2. Communicable diseases.
942 _2ddc
_cBK-CIRC
_e2nd ed.
_kCirc.
_n0
999 _c4450
_d4450